Harry Potter and the Prisoner of Azkaban (Record no. 529203)

000 -LEADER
fixed length control field 00327nam a22001217a 4500
020 ## - INTERNATIONAL STANDARD BOOK NUMBER
International Standard Book Number 978140885591
082 ## - DEWEY DECIMAL CLASSIFICATION NUMBER
Classification number A3 R797
100 ## - MAIN ENTRY--PERSONAL NAME
Personal name Rowling, J.K.
9 (RLIN) 51029
245 ## - TITLE STATEMENT
Title Harry Potter and the Prisoner of Azkaban
Statement of responsibility, etc by J.K. Rowling
260 ## - PUBLICATION, DISTRIBUTION, ETC. (IMPRINT)
Place of publication, distribution, etc London
Name of publisher, distributor, etc Bloomsbury Publishing
Date of publication, distribution, etc 2014
300 ## - PHYSICAL DESCRIPTION
Extent 461+p.
650 ## - SUBJECT ADDED ENTRY--TOPICAL TERM
Topical term or geographic name as entry element Fiction
9 (RLIN) 51068
Holdings
Withdrawn status Lost status Source of classification or shelving scheme Damaged status Koha normalized classification for sorting Not for loan Permanent location Current location Shelving location Date acquired Full call number Barcode Date last seen Price effective from Koha item type
        A_3_000000000000000_R797   Indian Institute of Public Administration Indian Institute of Public Administration On Display 2025-03-03 A3 R797 Gr25376 2025-03-03 2025-03-03 GR

Powered by Koha